| 000 | 00738cab a2200241 4500 | ||
|---|---|---|---|
| 001 | ABS44987 | ||
| 008 | 090401t1991 xxu||||| |||| 00| 0 eng d | ||
| 035 | _a(Sirsi) u50206 | ||
| 041 | _aeng | ||
| 245 | _aSimmons v Dobson and another | ||
| 260 | _c1991 | ||
| 350 | _a0 | ||
| 490 |
_aWeekly Law Reports _v(1991) WLR 720-725(6) |
||
| 520 | _aCA 27 March 1991. It was held that a tenant could not obtain an easement by prescription against another tenant holding under the same freeholder. | ||
| 650 | _aEASEMENTS | ||
| 650 | _aLOST MODERN GRANT | ||
| 650 | _aPASSAGEWAY | ||
| 650 | _aPRESCRIPTION ACT 1832 | ||
| 650 | _aRIGHTS OF WAY | ||
| 690 | _aHIGHWAYS RIGHTS OF WAY AND EASEMENTS | ||
| 942 | _n0 | ||
| 948 | _c04/03/1997 | ||
| 999 |
_c31345 _d31345 |
||